00346 a2200145 450000500170000001000160001702000090003303500160004203700160005808200130007424500490008726000280013627000140016430000220017820240515113212.0 aB-759036-39 c0.00 aB-759036-39 bGift/Unesco a614.5492 aIndia's Story of Triumph Over Polio/cUNICEF aNew DelhibUNICEFc2014 bNew Delhi a201 p.c28cm (Hb)